ბათუმის შოთა რუსთაველის სახელმწიფო უნივერსიტეტის ბიბლიოთეკა

ჩანაწერი Personal Name

ჩანაწერთა რაოდენობა, რომელიც გამოყენებულია: 1

001 - CONTROL NUMBER

  • control field: 19598

003 - CONTROL NUMBER IDENTIFIER

  • control field: GE_BSU

005 - DATE AND TIME OF LATEST TRANSACTION

  • control field: 20230804114942.0

008 - FIXED-LENGTH DATA ELEMENTS

  • fixed length control field: 230804|| aca||aabn | a|a d

040 ## - CATALOGING SOURCE

  • Original cataloging agency: GE_BSU
  • Transcribing agency: GE_BSU

100 ## - HEADING--PERSONAL NAME

  • Personal name: Сербинович, П. П.
  • Titles and other words associated with a name: Автор

670 ## - SOURCE DATA FOUND

  • Source citation: Work cat.: (GE_BSU)39788: Орловский, Б. Я. 19596, Архитектурное проектирование промышленных здании: архитектурно-композиционные и объемно-планировочные решения :